<?xml version="1.0" encoding="UTF-8"?><?xml-stylesheet type="text/xsl" href="static/style.xsl"?><OAI-PMH xmlns="http://www.openarchives.org/OAI/2.0/" xmlns:xsi="http://www.w3.org/2001/XMLSchema-instance" xsi:schemaLocation="http://www.openarchives.org/OAI/2.0/ http://www.openarchives.org/OAI/2.0/OAI-PMH.xsd"><responseDate>2026-04-17T06:55:09Z</responseDate><request verb="GetRecord" identifier="oai:www.recercat.cat:10256/10495" metadataPrefix="marc">https://recercat.cat/oai/request</request><GetRecord><record><header><identifier>oai:recercat.cat:10256/10495</identifier><datestamp>2024-06-13T09:38:12Z</datestamp><setSpec>com_2072_452955</setSpec><setSpec>com_2072_2054</setSpec><setSpec>col_2072_453035</setSpec></header><metadata><record xmlns="http://www.loc.gov/MARC21/slim" xmlns:dcterms="http://purl.org/dc/terms/" xmlns:xsi="http://www.w3.org/2001/XMLSchema-instance" xmlns:doc="http://www.lyncode.com/xoai" xsi:schemaLocation="http://www.loc.gov/MARC21/slim http://www.loc.gov/standards/marcxml/schema/MARC21slim.xsd">
   <leader>00925njm 22002777a 4500</leader>
   <datafield ind2=" " ind1=" " tag="042">
      <subfield code="a">dc</subfield>
   </datafield>
   <datafield ind2=" " ind1=" " tag="720">
      <subfield code="a">Mora, Enrico</subfield>
      <subfield code="e">author</subfield>
   </datafield>
   <datafield ind2=" " ind1=" " tag="720">
      <subfield code="a">León Medina, Francisco José</subfield>
      <subfield code="e">author</subfield>
   </datafield>
   <datafield ind2=" " ind1=" " tag="260">
      <subfield code="c">2011</subfield>
   </datafield>
   <datafield ind2=" " ind1=" " tag="520">
      <subfield code="a">In this text we analyzed an externalization of a chain of care and its conversion into a service from Catalonia to the Philippines. We identified the shifts of gender position for the women implied: from the Catalan employers to the Philippine domestic workers. We also indicated the ambiguous and diffuse limits that installed between care and service relations under mercantile relations. The field research was performed both in Catalonia as well as in the Philippines. We used biographical interviews, interviews aimed at expert personnel, documentary and statistical analysis. For the object of this paper we leaned mainly on the interviews conducted with Philippine domestic workers, Catalan employers of domestic workers, and to expert personnel on migration, gender and domestic work of Catalonia and the Philippines. The techniques of analysis used were content analysis and discourse analysis</subfield>
   </datafield>
   <datafield ind2=" " ind1=" " tag="520">
      <subfield code="a">En este texto analizamos una cadena de externalización del cuidado y su conversión en servicio desde Barcelona (Cataluña, España) hasta Manila (Filipinas), identificando loscambios de posición de género para las mujeres implicadas: desde las empleadoras catalanas hasta las trabajadoras domésticas filipinas. Así mismo, señalamos los límites ambiguos y difusos que se establecen entre las relaciones de cuidado y servicio bajo relaciones mercantiles. El trabajo de campo se realizó tanto en Barcelona y cercanías como en Manila y los lugares de origen de las personas entrevistadas (en Filipinas), mediante entrevistas biográficas, entrevistas a personal experto, análisis documental y estadístico. Para el objeto de este artículo nos apoyamos principalmente en las entrevistas realizadas a trabajadoras domésticas filipinas, a empleadoras catalanas de trabajadoras domésticas, y a personal experto sobre migración, género y trabajo doméstico de Cataluña y de Filipinas. Las técnicas de análisis usadas han sido el análisis de contenido y el análisis del discurso</subfield>
   </datafield>
   <datafield ind1="8" ind2=" " tag="024">
      <subfield code="a">http://hdl.handle.net/10256/10495</subfield>
   </datafield>
   <datafield tag="653" ind2=" " ind1=" ">
      <subfield code="a">Servei domèstic</subfield>
   </datafield>
   <datafield tag="653" ind2=" " ind1=" ">
      <subfield code="a">Household employees</subfield>
   </datafield>
   <datafield tag="653" ind2=" " ind1=" ">
      <subfield code="a">Treballadores estrangeres</subfield>
   </datafield>
   <datafield tag="653" ind2=" " ind1=" ">
      <subfield code="a">Women alien labor</subfield>
   </datafield>
   <datafield ind2="0" ind1="0" tag="245">
      <subfield code="a">La globalización del cuidado y sus cadenas: un estudio de caso = The Globalization of care and its chains: a case study</subfield>
   </datafield>
</record></metadata></record></GetRecord></OAI-PMH>